[Event "Nizhnij Novgorod-ch"]
[Site "Nizhnij Novgorod"]
[Date "2010.03.??"]
[Round "?"]
[White "Shadrin, Andrey"]
[Black "Kim, Nikita V"]
[Result "1-0"]
[WhiteElo "1880"]
[BlackElo "1752"]
[PlyCount "85"]
[EventDate "2010.03.13"]
[EventType "swiss"]
[EventRounds "9"]
[EventCountry "RUS"]
[SourceTitle "EXT 2022"]
[Source "ChessBase"]
[SourceDate "2021.10.06"]
[SourceVersion "1"]
[SourceVersionDate "2021.10.06"]
[SourceQuality "1"]

1. e4 e6 2. d4 d5 3. exd5 exd5 4. Bf4 c6 5. Bd3 Nf6 6. Nf3 Be7 7. 0-0 0-0 8. Re1 Re8 9. Nbd2 Bg4 10. c3 Nbd7 11. Qc2 h6 12. h3 Bxf3 13. Nxf3 b6 14. Ne5 Nxe5 15. dxe5 Nh5 16. Bh2 Bg5 17. Bf5 Bf4 18. g3 Bxe5 19. Rxe5 Rxe5 20. g4 Rxf5 21. Qxf5 Nf6 22. Re1 Ne4 23. c4 Qh4 24. cxd5 cxd5 25. Kg2 Qf6 26. Qxf6 Nxf6 27. Re7 a6 28. Be5 Rc8 29. Ra7 a5 30. Rb7 Rc6 31. Bd4 Rc4 32. Bxf6 gxf6 33. Rxb6 Kg7 34. Rb5 Ra4 35. a3 d4 36. Kf3 Kf8 37. Ke4 Ke7 38. Kd3 Kd6 39. Rh5 Ke6 40. f4 Kd6 41. Rxh6 Ke6 42. g5 Kf5 43. Rxf6# 1-0

[Event "Nizhnij Novgorod op"]
[Site "Nizhnij Novgorod"]
[Date "2010.??.??"]
[Round "?"]
[White "Vardanian, Arman"]
[Black "Shadrin, Andrey"]
[Result "0-1"]
[WhiteElo "1702"]
[BlackElo "1880"]
[PlyCount "38"]
[EventDate "2010.10.02"]
[EventType "swiss"]
[EventRounds "9"]
[EventCountry "RUS"]
[SourceTitle "EXT 2011"]
[Source "ChessBase"]
[SourceDate "2010.11.26"]
[SourceVersion "1"]
[SourceVersionDate "2010.11.26"]
[SourceQuality "1"]

1. e4 c5 2. Nf3 d6 3. c3 Nf6 4. Qc2 g6 5. d4 cxd4 6. cxd4 Bg7 7. Bc4 0-0 8. 0-0 Bg4 9. Nbd2 Nc6 10. h3 Bd7 11. Nb3 Rc8 12. Qe2 e5 13. d5 Nd4 14. Nbxd4 exd4 15. Bg5 Qa5 16. Nd2 Rfe8 17. Qd3 Qb4 18. Bxf6 Bxf6 19. Qb3 Qxd2 0-1

[Event "Nizhnij Novgorod-ch 61st"]
[Site "Nizhnij Novgorod"]
[Date "2009.03.??"]
[Round "?"]
[White "Chunakov, Valery"]
[Black "Shadrin, Andrey"]
[Result "1-0"]
[WhiteElo "1866"]
[BlackElo "1908"]
[PlyCount "85"]
[EventDate "2009.03.06"]
[EventType "swiss"]
[EventRounds "9"]
[EventCountry "RUS"]
[SourceTitle "EXT 2010"]
[Source "ChessBase"]
[SourceDate "2010.11.25"]
[SourceVersion "1"]
[SourceVersionDate "2010.11.25"]
[SourceQuality "1"]

1. e4 c5 2. Nc3 d6 3. g4 e5 4. Bb5+ Nc6 5. h4 Nge7 6. d3 Be6 7. Be3 Qd7 8. g5 0-0-0 9. Qd2 f5 10. gxf6 gxf6 11. Nge2 Qc7 12. Bxc6 Nxc6 13. Nd5 Bxd5 14. exd5 Nd4 15. Bxd4 cxd4 16. c4 h5 17. Ng3 Qd7 18. Qe2 f5 19. Nxh5 e4 20. Nf4 Qh7 21. Ne6 Re8 22. 0-0-0 Bh6+ 23. Kc2 e3 24. f3 Bg7 25. Nxg7 Qxg7 26. Rdg1 Qf6 27. h5 Rh6 28. f4 Rhh8 29. Rg5 Kb8 30. Rhg1 Re4 31. Rg6 Qxg6 32. Rxg6 Rxf4 33. Kd1 Rf2 34. Qxf2 exf2 35. Ke2 Rf8 36. Kxf2 Kc7 37. h6 Kb6 38. b4 a5 39. b5 Kc5 40. a3 Rh8 41. Kf3 Rh7 42. Kf4 b6 43. Rg7 1-0

[Event "Nizhnij Novgorod-ch 61st"]
[Site "Nizhnij Novgorod"]
[Date "2009.03.??"]
[Round "?"]
[White "Shadrin, Andrey"]
[Black "Karmanova, Marina"]
[Result "1/2-1/2"]
[WhiteElo "1908"]
[BlackElo "1700"]
[PlyCount "75"]
[EventDate "2009.03.06"]
[EventType "swiss"]
[EventRounds "9"]
[EventCountry "RUS"]
[SourceTitle "EXT 2010"]
[Source "ChessBase"]
[SourceDate "2010.11.25"]
[SourceVersion "1"]
[SourceVersionDate "2010.11.25"]
[SourceQuality "1"]

1. e4 g6 2. Nf3 Bg7 3. d4 d6 4. h3 c6 5. Bd3 Nf6 6. 0-0 0-0 7. Re1 Nbd7 8. c4 e5 9. d5 cxd5 10. cxd5 Nc5 11. Be3 Nfd7 12. Nc3 a6 13. b4 Nxd3 14. Qxd3 h6 15. Nd2 f5 16. f3 Nf6 17. a4 Nh5 18. Nc4 Ng3 19. b5 f4 20. Bf2 g5 21. Nb6 g4 22. fxg4 Rb8 23. Nxc8 Rxc8 24. Rac1 Qh4 25. Bxg3 fxg3 26. Ne2 Qd8 27. bxa6 Qb6+ 28. Kh1 Rxc1 29. Rxc1 bxa6 30. Nxg3 Rf2 31. Nf5 Bf8 32. Rf1 Rxf1+ 33. Qxf1 Qa5 34. Qc4 Qe1+ 35. Kh2 a5 36. Qc8 Qxe4 37. Qe6+ Kh8 38. Qf6+ 1/2-1/2

[Event "Nizhnij Novgorod-ch 61st"]
[Site "Nizhnij Novgorod"]
[Date "2009.03.??"]
[Round "?"]
[White "Zaitsev, Alexander"]
[Black "Shadrin, Andrey"]
[Result "0-1"]
[WhiteElo "2375"]
[BlackElo "1908"]
[PlyCount "98"]
[EventDate "2009.03.06"]
[EventType "swiss"]
[EventRounds "9"]
[EventCountry "RUS"]
[SourceTitle "EXT 2010"]
[Source "ChessBase"]
[SourceDate "2010.11.25"]
[SourceVersion "1"]
[SourceVersionDate "2010.11.25"]
[SourceQuality "1"]

1. e4 c5 2. Nf3 d6 3. d4 cxd4 4. Nxd4 Nf6 5. Nc3 g6 6. Be3 Bg7 7. Qd2 Ng4 8. Be2 Nxe3 9. Qxe3 0-0 10. 0-0-0 Nc6 11. Nxc6 bxc6 12. Bc4 Qb6 13. Qxb6 axb6 14. Rd3 Ba6 15. Bxa6 Rxa6 16. a3 b5 17. Na2 Rb8 18. c3 c5 19. Rhd1 Ra7 20. f4 Ra4 21. e5 Bh6 22. Kc2 Bxf4 23. exd6 exd6 24. g3 Be5 25. Rxd6 Bxd6 26. Rxd6 Re4 27. Nc1 b4 28. axb4 cxb4 29. Rd4 bxc3 30. Rxe4 cxb2 31. Kb1 bxc1Q+ 32. Kxc1 Kg7 33. Re2 Rb3 34. Kd2 Rb2+ 35. Ke3 Rxe2+ 36. Kxe2 Kf6 37. Kf3 Kf5 38. g4+ Ke5 39. Ke3 f5 40. gxf5 gxf5 41. Kf3 f4 42. Kf2 Ke4 43. Ke2 f3+ 44. Kf2 Kf4 45. Kf1 Ke3 46. Ke1 f2+ 47. Kf1 Kf3 48. h4 Kg3 49. h5 h6 0-1

[Event "Nizhnij Novgorod Region-ch op"]
[Site "Nizhnij Novgorod"]
[Date "2008.10.??"]
[Round "7"]
[White "Lebedev, Sergey A"]
[Black "Shadrin, Andrey"]
[Result "1/2-1/2"]
[WhiteElo "2220"]
[BlackElo "1881"]
[PlyCount "32"]
[EventDate "2008.10.04"]
[EventType "swiss"]
[EventRounds "9"]
[EventCountry "RUS"]
[SourceTitle "EXT 2022"]
[Source "ChessBase"]
[SourceDate "2021.10.06"]
[SourceVersion "1"]
[SourceVersionDate "2021.10.06"]
[SourceQuality "1"]

1. d4 Nf6 2. Nc3 g6 3. e4 d6 4. f4 Bg7 5. Nf3 0-0 6. Bd3 e5 7. dxe5 dxe5 8. Nxe5 Nc6 9. Nxc6 bxc6 10. 0-0 Ng4 11. Qe2 Bd4+ 12. Kh1 Nxh2 13. Bd2 Bg4 14. Qe1 Nxf1 15. Bxf1 Bg7 16. Bd3 Rb8 1/2-1/2

[Event "Nizhnij Novgorod Region-ch op"]
[Site "Nizhnij Novgorod"]
[Date "2008.10.??"]
[Round "1"]
[White "Shadrin, Andrey"]
[Black "Sundukov, Peter"]
[Result "0-1"]
[WhiteElo "1881"]
[BlackElo "2173"]
[PlyCount "64"]
[EventDate "2008.10.04"]
[EventType "swiss"]
[EventRounds "9"]
[EventCountry "RUS"]
[SourceTitle "EXT 2022"]
[Source "ChessBase"]
[SourceDate "2021.10.06"]
[SourceVersion "1"]
[SourceVersionDate "2021.10.06"]
[SourceQuality "1"]

1. e4 c6 2. d4 d5 3. exd5 cxd5 4. c4 Nf6 5. Nc3 e6 6. Nf3 Bb4 7. Bd3 0-0 8. 0-0 dxc4 9. Bxc4 a6 10. Bg5 b5 11. Bd3 Bxc3 12. bxc3 Bb7 13. Re1 Nbd7 14. a4 Qc7 15. axb5 axb5 16. Qd2 Rxa1 17. Rxa1 Rc8 18. Bxb5 Qxc3 19. Qxc3 Rxc3 20. Ra7 Bxf3 21. gxf3 Nf8 22. Kg2 Rc8 23. Ba4 h6 24. Bf4 Nd5 25. Bd6 Ng6 26. Kg3 Rd8 27. Rd7 Rxd7 28. Bxd7 Nge7 29. Bxe7 Nxe7 30. Kf4 Kf8 31. Ke4 Nd5 32. f4 Nf6+ 0-1

[Event "Nizhnij Novgorod Dubinin Memorial 15th"]
[Site "Nizhnij Novgorod"]
[Date "2008.01.??"]
[Round "?"]
[White "Varfalomeev, Yan"]
[Black "Shadrin, Andrey"]
[Result "0-1"]
[WhiteElo "1708"]
[BlackElo "1872"]
[PlyCount "70"]
[EventDate "2008.01.??"]
[EventType "swiss"]
[EventRounds "9"]
[EventCountry "RUS"]
[SourceTitle "CBM 122 Extra"]
[Source "ChessBase"]
[SourceDate "2008.03.04"]
[SourceVersion "1"]
[SourceVersionDate "2008.03.04"]
[SourceQuality "1"]

1. e4 c5 2. Nf3 d6 3. d4 cxd4 4. Nxd4 Nf6 5. f3 e5 6. Bb5+ Bd7 7. Bxd7+ Qxd7 8. Nf5 d5 9. Ng3 dxe4 10. Qxd7+ Nbxd7 11. Nxe4 Nxe4 12. fxe4 Nf6 13. 0-0 Bc5+ 14. Kh1 Nxe4 15. g3 f6 16. Re1 Nd6 17. a3 Kf7 18. Nc3 a6 19. Na4 Ba7 20. Bd2 Rac8 21. Bb4 Nf5 22. Rad1 Rhd8 23. Ba5 Rxd1 24. Rxd1 Ke6 25. c3 Ne3 26. Rd3 Nc4 27. Bb4 a5 28. b3 axb4 29. bxc4 bxa3 30. c5 Bxc5 31. Nxc5+ Rxc5 32. c4 Ra5 33. Rd1 a2 34. Ra1 Kd6 35. Kg2 Kc5 0-1

[Event "Nizhnij Novgorod Region-ch"]
[Site "Nizhnij Novgorod"]
[Date "2007.10.??"]
[Round "?"]
[White "Shadrin, Andrey"]
[Black "Lazarev, Alexander"]
[Result "0-1"]
[WhiteElo "1841"]
[BlackElo "2013"]
[PlyCount "66"]
[EventDate "2007.10.??"]
[EventType "swiss"]
[EventRounds "9"]
[EventCountry "RUS"]
[SourceTitle "EXT 2009"]
[Source "ChessBase"]
[SourceDate "2008.11.26"]
[SourceVersion "1"]
[SourceVersionDate "2008.11.26"]
[SourceQuality "1"]

1. e4 Nf6 2. e5 Nd5 3. d4 d6 4. c4 Nb6 5. f4 dxe5 6. fxe5 c5 7. d5 e6 8. Nf3 exd5 9. cxd5 Qxd5 10. Bb5+ Bd7 11. Bxd7+ N8xd7 12. 0-0 Qxd1 13. Rxd1 Be7 14. Nc3 0-0 15. Be3 Rfd8 16. Rd3 Nf8 17. Rad1 Ne6 18. Ne4 Rxd3 19. Rxd3 Kf8 20. Nd6 Bxd6 21. exd6 Rd8 22. b3 Nc8 23. Ne5 Nxd6 24. Rd5 f6 25. Nc4 Ne4 26. Rxd8+ Nxd8 27. Kf1 b6 28. Ke2 Nc3+ 29. Kd3 Nxa2 30. Ke4 Nb4 31. Bd2 Ndc6 32. Nd6 Ke7 33. Nc8+ Kf7 0-1